[Event "FS50/51"]
[Site "SchemingMind.com"]
[Date "2015.09.30"]
[Round "-"]
[White "James Reed"]
[Black "Yorkie"]
[Result "1-0"]
[WhiteCountry "ENG"]
[BlackCountry "ENG"]
[WhiteElo "1359"]
[WhiteRD "68"]
[BlackElo "1173"]
[BlackRD "70"]
[GameID "388144"]

1. e4 e5 2. Nf3 f6 3. d4 d6 4. Nc3 Be6 5. Bd3 c6 6. O-O Nd7 7. Re1 Qc7 8. a3 Ne7 9. h3 d5 10. Be3 h6
11. b4 f5 12. Nxe5 Nxe5 13. Be2 O-O-O 14. dxe5 Qxe5 15. Bxa7 fxe4 16. Bb6 Rd7 17. Bd4 Qf4 18. Be3
1-0

[Event "FS50/51"]
[Site "SchemingMind.com"]
[Date "2015.09.30"]
[Round "-"]
[White "Yorkie"]
[Black "James Reed"]
[Result "0-1"]
[WhiteCountry "ENG"]
[BlackCountry "ENG"]
[WhiteElo "1173"]
[WhiteRD "70"]
[BlackElo "1359"]
[BlackRD "68"]
[GameID "388145"]

1. d4 Nf6 2. Nc3 d5 3. h3 Nc6 4. Be3 a6 5. Nf3 h6 6. Qd2 Bf5 7. Nh4 Be6 8. g3 Bd7 9. Bg2 Bf5 10. Nxf5 e6
11. Nh4 Bb4 12. a3 Ba5 13. Rb1 Qe7 14. O-O O-O-O 15. Qd3 g5 16. Nf5 exf5 17. Qxf5+ Rd7
0-1

[Event "FS50/51"]
[Site "SchemingMind.com"]
[Date "2015.10.01"]
[Round "-"]
[White "Phillip Beckett"]
[Black "James Reed"]
[Result "1-0"]
[WhiteCountry "ENG"]
[BlackCountry "ENG"]
[WhiteElo "1559"]
[WhiteRD "49"]
[BlackElo "1396"]
[BlackRD "71"]
[GameID "388162"]

1. d4 d5 2. e3 Nf6 3. Bd3 Bg4 4. f3 Bh5 5. Nd2 e6 6. Ne2 Bd6 7. O-O h6 8. f4 Nc6 9. Nf3 a6 10. Ne5 Bxe5
11. fxe5 Nd7 12. Qe1 O-O 13. Ng3 Bg4 14. c3 Re8 15. e4 Nb6 16. exd5 Nxd5 17. Ne4 b6 18. h3 Bh5 19. Qg3 g6 20. Bxh6 Nde7
21. Nf6+ Kh8 22. Nxh5 gxh5 23. Qg7#
1-0

[Event "FS50/51"]
[Site "SchemingMind.com"]
[Date "2015.10.01"]
[Round "-"]
[White "James Reed"]
[Black "Phillip Beckett"]
[Result "0-1"]
[WhiteCountry "ENG"]
[BlackCountry "ENG"]
[WhiteElo "1359"]
[WhiteRD "68"]
[BlackElo "1590"]
[BlackRD "50"]
[GameID "388163"]

1. e4 e5 2. Nf3 Nc6 3. Bb5 a6 4. Ba4 Nf6 5. O-O Be7 6. Nc3 d6 7. h3 Bd7 8. d3 O-O 9. a3 h6 10. Re1 Nh7
11. Be3 Ng5 12. Nxg5 Bxg5 13. Qe2 Bxe3 14. Qxe3 Nd4 15. Qd2 Bxa4 16. Nxa4 Qd7 17. Nc3 f5 18. Nd5 fxe4 19. dxe4 Qxh3 20. Qxd4 Qh4
21. f3 Rac8 22. Qf2 Qg5 23. c3 c6 24. Ne3 Rf4 25. Nf5 Rf8 26. Qg3 R4xf5 27. Qxg5 Rxg5 28. b4 Rxf3 29. Rf1 Rxc3 30. Rfd1 Rc2
31. Rxd6 Rgxg2+ 32. Kf1 Rcf2+ 33. Ke1 Rb2 34. Kf1 Rh2 35. Kg1 Rhe2 36. Rdd1 Rxe4 37. Re1 Rg4+ 38. Kf1 e4 39. Rab1 Rbg2 40. a4 e3
0-1

[Event "FS50/51"]
[Site "SchemingMind.com"]
[Date "2015.10.01"]
[Round "-"]
[White "Phillip Beckett"]
[Black "Yorkie"]
[Result "1-0"]
[WhiteCountry "ENG"]
[BlackCountry "ENG"]
[WhiteElo "1590"]
[WhiteRD "50"]
[BlackElo "1173"]
[BlackRD "70"]
[GameID "388164"]

1. d4 d5 2. e3 e6 3. Bd3 Be7 4. f4 f6 5. Qh5+ Kd7 6. c3 h6 7. Nf3 Qe8 8. Bg6 Qf8 9. Nbd2 Bd6 10. c4 Ne7
11. c5 Bxf4 12. exf4 f5 13. Ne5+ Kd8 14. Nf7+ Qxf7 15. Bxf7 g6 16. Bxg6 Nbc6 17. Nf3 Ng8 18. Ne5 Nf6 19. Qh4 Ke7 20. Nxc6+ bxc6
21. h3 Kf8 22. Qxf6+ Kg8 23. Qf7#
1-0

[Event "FS50/51"]
[Site "SchemingMind.com"]
[Date "2015.10.01"]
[Round "-"]
[White "Yorkie"]
[Black "Phillip Beckett"]
[Result "0-1"]
[WhiteCountry "ENG"]
[BlackCountry "ENG"]
[WhiteElo "1158"]
[WhiteRD "75"]
[BlackElo "1586"]
[BlackRD "49"]
[GameID "388165"]

1. e4 e5 2. Nf3 Nc6 3. c3 Nf6 4. Bc4 Be7 5. Qe2 d6 6. O-O O-O 7. d3 h6 8. Be3 Nh7 9. d4 exd4 10. Bxd4 Nxd4
11. Nxd4 Ng5 12. Nd2 Bf6 13. f4 Ne6 14. N2f3 Nxd4 15. Nxd4 Bxd4+ 16. cxd4 Be6 17. d5 Bd7 18. b3 Qh4 19. e5 dxe5 20. fxe5 Bg4
21. Qe4 g6 22. h3 f5 23. Qd4 Kh7 24. d6 cxd6
0-1

[Event "FS50/51"]
[Site "SchemingMind.com"]
[Date "2015.10.07"]
[Round "-"]
[White "emvarela"]
[Black "Phillip Beckett"]
[Result "1-0"]
[WhiteCountry "ARG"]
[BlackCountry "ENG"]
[WhiteElo "1690"]
[WhiteRD "47"]
[BlackElo "1586"]
[BlackRD "49"]
[GameID "388275"]

1. e4 e5 2. Nf3 Nc6 3. Bb5 a6 4. Bxc6 dxc6 5. O-O Qd6 6. d3 f6 7. Be3 Bg4 8. h3 Bh5 9. g4 Bg6 10. Nh4 Bf7
11. f4 Qd7 12. fxe5 fxe5 13. Qf3 Nf6 14. Bg5 Be7 15. Nf5 h6 16. Nxg7+ Kf8 17. Bxf6 Bxf6 18. Qxf6 Rg8 19. Nf5 Rg6 20. Qh8+ Rg8
21. Qxh6+ Ke8 22. Ng7+ Kd8 23. Qf6+ Qe7 24. Qxf7 Rxg7 25. Qf8+
1-0

[Event "FS50/51"]
[Site "SchemingMind.com"]
[Date "2015.10.07"]
[Round "-"]
[White "Phillip Beckett"]
[Black "emvarela"]
[Result "0-1"]
[WhiteCountry "ENG"]
[BlackCountry "ARG"]
[WhiteElo "1586"]
[WhiteRD "49"]
[BlackElo "1690"]
[BlackRD "47"]
[GameID "388276"]

1. e4 e5 2. Nf3 Nc6 3. Bb5 f5 4. Bxc6 dxc6 5. Nxe5 Qe7 6. Qh5+ g6 7. Nxg6 Qxe4+ 8. Kd1 Nf6 9. Qh4 Qxh4 10. Nxh4 Bc5
11. Re1+ Kf7 12. f3 Bf2 13. g3 Bxe1 14. Kxe1 Re8+ 15. Kf2 Re7 16. d3 Bd7 17. Bg5 Rae8 18. Nc3 b5 19. f4 b4
0-1

[Event "FS50/51"]
[Site "SchemingMind.com"]
[Date "2015.10.07"]
[Round "-"]
[White "emvarela"]
[Black "James Reed"]
[Result "1-0"]
[WhiteCountry "ARG"]
[BlackCountry "ENG"]
[WhiteElo "1690"]
[WhiteRD "47"]
[BlackElo "1335"]
[BlackRD "72"]
[GameID "388277"]

1. e4 c5 2. Nf3 Nc6 3. d4 cxd4 4. Nxd4 Nf6 5. Nc3 d6 6. Be3 Ng4 7. Qd2 Nxe3 8. Qxe3 Nxd4 9. Qxd4 a6 10. Bd3 e5
11. Qe3 Be6 12. O-O Be7 13. b3 h6 14. Nd5 Bxd5 15. exd5 O-O 16. Rae1 Bg5 17. Qf3 Bd2 18. Re2 Bb4 19. c4 Qe7 20. Qf5 g6
21. Qh3 h5 22. f4 Rfd8 23. f5 Qg5 24. fxg6 fxg6 25. Qe6+ Kh7 26. Bxg6+ Qxg6 27. Rf7+ Kh6 28. Rf6 Rg8 29. Ref2 Rae8 30. Rxg6+
1-0

[Event "FS50/51"]
[Site "SchemingMind.com"]
[Date "2015.10.07"]
[Round "-"]
[White "James Reed"]
[Black "emvarela"]
[Result "0-1"]
[WhiteCountry "ENG"]
[BlackCountry "ARG"]
[WhiteElo "1335"]
[WhiteRD "72"]
[BlackElo "1690"]
[BlackRD "47"]
[GameID "388278"]

1. e4 e5 2. Nf3 Nc6 3. Bb5 a6 4. Ba4 Nf6 5. O-O Be7 6. Re1 d6 7. h3 Bd7 8. Nc3 O-O 9. d3 b5 10. Bb3 Na5
11. Nd2 Nxb3 12. Nxb3 c5 13. a3 a5 14. Be3 b4 15. Nd5 Nxd5 16. exd5 a4 17. Nd2 bxa3 18. bxa3 f5 19. Nc4 f4 20. Bd2 Bb5
21. Qe2 Bxc4 22. dxc4 Rb8 23. Rab1 Rxb1 24. Rxb1 Bf6 25. Bc3 Qc7 26. Qd3 e4 27. Qd2 Bxc3 28. Qxc3 Rb8 29. Re1 Re8 30. Qd2 Qf7
31. Qa5 e3 32. f3 Qf6 33. Qxa4 Re7 34. Qb3 Qd4 35. Qd3 Qxd3
0-1

[Event "FS50/51"]
[Site "SchemingMind.com"]
[Date "2015.10.08"]
[Round "-"]
[White "emvarela"]
[Black "CB"]
[Result "1-0"]
[WhiteCountry "ARG"]
[BlackCountry "ENG"]
[WhiteElo "1709"]
[WhiteRD "48"]
[BlackElo "1524"]
[BlackRD "91"]
[GameID "388321"]

1. e4 c5 2. Nf3 d6 3. d4 Nc6 4. dxc5 dxc5 5. Qxd8+ Nxd8 6. Bb5+ Bd7 7. Bxd7+ Kxd7 8. Be3 Ne6 9. Nbd2 Rd8 10. O-O-O Kc8
11. Nc4 Rxd1+ 12. Rxd1 Nf6 13. Nfe5 Nxe4 14. Nxf7 Rg8 15. f3 Nf6 16. Nfe5 g6 17. g4 Bg7 18. h3
1-0

[Event "FS50/51"]
[Site "SchemingMind.com"]
[Date "2015.10.08"]
[Round "-"]
[White "CB"]
[Black "emvarela"]
[Result "0-1"]
[WhiteCountry "ENG"]
[BlackCountry "ARG"]
[WhiteElo "1524"]
[WhiteRD "91"]
[BlackElo "1709"]
[BlackRD "48"]
[GameID "388322"]

1. d4 Nf6 2. Nf3 d5 3. c4 c6 4. Nc3 e6 5. Bg5 dxc4 6. e3 Be7 7. Bxc4 h6 8. Bxf6 Bxf6 9. e4 O-O 10. e5 Be7
11. Qd3 Bb4 12. O-O Bxc3 13. bxc3 Nd7 14. h3 b5 15. Bb3 a5 16. a3 a4 17. Bc2 g6 18. Nh4 Qxh4 19. Rae1 Qg5
0-1

[Event "FS50/51"]
[Site "SchemingMind.com"]
[Date "2015.10.04"]
[Round "-"]
[White "Phillip Beckett"]
[Black "CB"]
[Result "0-1"]
[WhiteCountry "ENG"]
[BlackCountry "ENG"]
[WhiteElo "1590"]
[WhiteRD "50"]
[BlackElo "1548"]
[BlackRD "87"]
[GameID "388323"]

1. e4 c5 2. Nf3 Nc6 3. d4 cxd4 4. Nxd4 e5 5. Nb5 a6 6. Nd6+ Bxd6 7. Qxd6 Qe7 8. Qxe7+ Ncxe7 9. Bc4 b5 10. Bd3 Bb7
11. c3 Nf6 12. f3 d6 13. Bg5 h6 14. Bxf6 gxf6 15. Nd2 d5 16. exd5 Bxd5 17. Be4 f5 18. Bxd5 Nxd5 19. Nb3 Ne3 20. Kf2 f4
21. Rhe1 O-O 22. Nc5 Nc2 23. Rac1 Nxe1 24. Rxe1 Rad8 25. Rxe5 Rfe8 26. Rxe8+ Rxe8 27. Ne4 Rd8 28. Nf6+ Kh8 29. Ne4 f5 30. Nf6 Rd2+
31. Kg1 Rxb2 32. Nh5 Rxa2 33. Nxf4 a5 34. Ne6 b4 35. cxb4 axb4 36. Nd4 f4 37. Ne6 b3
0-1

[Event "FS50/51"]
[Site "SchemingMind.com"]
[Date "2015.10.03"]
[Round "-"]
[White "CB"]
[Black "Phillip Beckett"]
[Result "1/2-1/2"]
[WhiteCountry "ENG"]
[BlackCountry "ENG"]
[WhiteElo "1550"]
[WhiteRD "90"]
[BlackElo "1586"]
[BlackRD "49"]
[GameID "388324"]

1. d4 d5 2. Nc3 Nf6 3. e4 dxe4 4. f3 exf3 5. Nxf3 e6 6. Bg5 Be7 7. Qe2 h6 8. Bxf6 Bxf6 9. O-O-O Nd7 10. g3 O-O
11. Bg2 Qe7 12. Rhe1 c5 13. d5 Bxc3 14. bxc3 Qf6 15. dxe6 fxe6 16. Qxe6+ Qxe6 17. Rxe6 Nf6 18. Red6 Bg4 19. h3 Bh5 20. g4 Bf7
21. Ne5 Rfe8 22. Bxb7 Rab8 23. Nxf7 Kxf7 24. Ba6 Rb6 25. Rxb6 axb6 26. Bb5 Re7 27. Bc4+ Kf8 28. Rf1 Re4 29. Bd3 Re8 30. Rg1 Ne4
31. Re1 Nxc3 32. Rxe8+ Kxe8 33. Kd2 Nxa2 34. Bc4 Nb4 35. c3 Nc6 36. Bb5 Kd7 37. Ke3 Kd6 38. Kf4 Ne7 39. Bc4 Nd5+ 40. Bxd5 Kxd5
41. Kf5 b5 42. Kf4 b4 43. Ke3 b3 44. Kd2 c4 45. Kc1 Ke4 46. Kb1 Kf3 47. h4 Kxg4 48. h5 Kxh5 49. Kb2 g5 50. Kb1 Kg4
51. Kb2= Kf3 52. Kb1=
1/2-1/2

[Event "FS50/51"]
[Site "SchemingMind.com"]
[Date "2015.10.04"]
[Round "-"]
[White "James Reed"]
[Black "CB"]
[Result "0-1"]
[WhiteCountry "ENG"]
[BlackCountry "ENG"]
[WhiteElo "1359"]
[WhiteRD "68"]
[BlackElo "1548"]
[BlackRD "87"]
[GameID "388325"]

1. e4 c5 2. Nf3 d6 3. d4 Nc6 4. Bb5 Bd7 5. Nc3 Nf6 6. h3 a6 7. Ba4 b5 8. Bxb5 g6 9. Bc4 Bg7 10. O-O O-O
11. a3 cxd4 12. Nxd4 Nxe4 13. Nxe4 Nxd4 14. Be3 Bf5 15. Bxd4 e5 16. Bc3 Bxe4 17. Re1 Bb7 18. b4 Qc7 19. Qd2 Qc6 20. Qd3 Qxg2#
0-1

[Event "FS50/51"]
[Site "SchemingMind.com"]
[Date "2015.10.04"]
[Round "-"]
[White "CB"]
[Black "James Reed"]
[Result "1-0"]
[WhiteCountry "ENG"]
[BlackCountry "ENG"]
[WhiteElo "1548"]
[WhiteRD "87"]
[BlackElo "1359"]
[BlackRD "68"]
[GameID "388326"]

1. d4 d5 2. Nf3 Nf6 3. e3 Nc6 4. Nc3 e6 5. Bb5 Bd7 6. O-O h6 7. a3 Bd6 8. b4 a6 9. Bd3 O-O 10. e4 Re8
11. e5 Be7 12. Bd2 Ng4 13. Qe2 b6 14. h3 Ngxe5 15. Nxe5 Nxe5 16. dxe5 b5 17. Qg4 Bc6 18. Bxh6 g6 19. Bxg6 fxg6 20. Qxg6+ Kh8
21. Qg7#
1-0

[Event "FS50/51"]
[Site "SchemingMind.com"]
[Date "2015.10.03"]
[Round "-"]
[White "CB"]
[Black "Yorkie"]
[Result "1-0"]
[WhiteCountry "ENG"]
[BlackCountry "ENG"]
[WhiteElo "1548"]
[WhiteRD "87"]
[BlackElo "1173"]
[BlackRD "70"]
[GameID "388327"]

1. e4 c5 2. Nc3 b6 3. f4 e6 4. Nf3 f6 5. d4 d5 6. exd5 exd5 7. Be2 Be6 8. O-O Bd6 9. Bb5+ Bd7 10. a4 a6
11. Qe2+ Qe7 12. Qxe7+
1-0

[Event "FS50/51"]
[Site "SchemingMind.com"]
[Date "2015.10.03"]
[Round "-"]
[White "Yorkie"]
[Black "CB"]
[Result "0-1"]
[WhiteCountry "ENG"]
[BlackCountry "ENG"]
[WhiteElo "1173"]
[WhiteRD "70"]
[BlackElo "1548"]
[BlackRD "87"]
[GameID "388328"]

1. e4 c5 2. Nf3 Nf6 3. Nc3 Nc6 4. a3 g6 5. Bc4 e6 6. O-O d5 7. Bb5 d4 8. Nd5 exd5 9. e5 Bg7 10. Ng5 a6
11. Bd3 Nxe5 12. b4 c4
0-1

[Event "FS50/51"]
[Site "SchemingMind.com"]
[Date "2015.10.08"]
[Round "-"]
[White "emvarela"]
[Black "Queen "]
[Result "0-1"]
[WhiteCountry "ARG"]
[BlackCountry "IND"]
[WhiteElo "1690"]
[WhiteRD "47"]
[BlackElo "2440"]
[BlackRD "111"]
[GameID "388331"]

1. e4 c5 2. Nf3 d6 3. d4 cxd4 4. Nxd4 Nf6 5. Nc3 a6 6. Bg5 e6 7. f4 Be7 8. Qf3 h6 9. Bxf6 Bxf6 10. O-O-O Qc7
11. f5 O-O 12. fxe6 fxe6 13. Qd3 Rd8 14. Nb3 b5 15. h4 Nc6 16. g4 b4 17. Nb1 a5 18. Bg2 a4 19. N3d2 a3 20. bxa3 Ba6
21. Qe3 Nd4
0-1

[Event "FS50/51"]
[Site "SchemingMind.com"]
[Date "2015.10.08"]
[Round "-"]
[White "Queen "]
[Black "emvarela"]
[Result "1-0"]
[WhiteCountry "IND"]
[BlackCountry "ARG"]
[WhiteElo "2440"]
[WhiteRD "111"]
[BlackElo "1690"]
[BlackRD "47"]
[GameID "388332"]

1. d4 Nf6 2. c4 g6 3. Nc3 Bg7 4. e4 d6 5. Nf3 O-O 6. Be2 e5 7. O-O Nc6 8. d5 Ne7 9. Bd2 Bd7 10. h3 c5
11. Bd3 a6 12. Rb1 Rb8 13. b4 Ne8 14. Qb3 cxb4 15. Qxb4 f5 16. c5 fxe4 17. Nxe4 dxc5 18. Qb3 Nf5 19. Nxc5 Ned6 20. Bg5 Bf6
21. Bxf6 Rxf6 22. Nxe5 Be8 23. Rfe1 Nd4 24. Qb2 N4b5 25. Ng4 Rf7 26. Nh6+
1-0

[Event "FS50/51"]
[Site "SchemingMind.com"]
[Date "2015.10.03"]
[Round "-"]
[White "Phillip Beckett"]
[Black "Queen "]
[Result "0-1"]
[WhiteCountry "ENG"]
[BlackCountry "IND"]
[WhiteElo "1559"]
[WhiteRD "49"]
[BlackElo "2734"]
[BlackRD "322"]
[GameID "388333"]

1. e4 c5 2. Nf3 e6 3. d4 cxd4 4. Nxd4 Nf6 5. Nc3 Bb4 6. Bd3 d6 7. Bd2 O-O 8. a3 Ba5 9. Nb3 Bb6 10. O-O Nc6
11. Kh1 Bd7 12. f4 e5 13. fxe5 Nxe5 14. Qe2 h6 15. Nd5 Nxd5 16. exd5 Rc8 17. c4 Bg4 18. Qe4 f5 19. Qe1 Nxd3 20. Qg3 Be2
0-1

[Event "FS50/51"]
[Site "SchemingMind.com"]
[Date "2015.10.03"]
[Round "-"]
[White "Queen "]
[Black "Phillip Beckett"]
[Result "1-0"]
[WhiteCountry "IND"]
[BlackCountry "ENG"]
[WhiteElo "2734"]
[WhiteRD "322"]
[BlackElo "1559"]
[BlackRD "49"]
[GameID "388334"]

1. d4 d5 2. c4 e6 3. Nc3 Nf6 4. Nf3 Be7 5. Bf4 c6 6. e3 O-O 7. Bd3 dxc4 8. Bxc4 Nbd7 9. O-O Nb6 10. Bd3 Nbd5
11. Nxd5 exd5 12. h3 Be6 13. Ng5 h6 14. Nxe6 fxe6 15. Rc1 Bd6 16. a3 Qc7 17. Bxd6 Qxd6 18. f4 Ne4 19. Bxe4 dxe4 20. Qb3 Rf7
21. Rc5 Rd8 22. Re5 Re8 23. f5 Rfe7 24. fxe6 Rxe6 25. Rxe6 Qxe6 26. Qxb7 Re7 27. Qb8+ Re8 28. Qxa7
1-0

[Event "FS50/51"]
[Site "SchemingMind.com"]
[Date "2015.10.04"]
[Round "-"]
[White "James Reed"]
[Black "Queen "]
[Result "0-1"]
[WhiteCountry "ENG"]
[BlackCountry "IND"]
[WhiteElo "1396"]
[WhiteRD "71"]
[BlackElo "2734"]
[BlackRD "322"]
[GameID "388335"]

1. e4 c5 2. Nf3 e6 3. d4 cxd4 4. Nxd4 Nf6 5. Nc3 Nc6 6. Bg5 h6 7. Nxc6 bxc6 8. Bc4 hxg5 9. h3 Rb8 10. b3 Qa5
11. Qd2 Bb4 12. Qe2 Bxc3+ 13. Kd1 Bxa1 14. Kc1 Be5 15. Kb1 Qc3 16. Kc1 Qa1+
0-1

[Event "FS50/51"]
[Site "SchemingMind.com"]
[Date "2015.10.04"]
[Round "-"]
[White "Queen "]
[Black "James Reed"]
[Result "1-0"]
[WhiteCountry "IND"]
[BlackCountry "ENG"]
[WhiteElo "2734"]
[WhiteRD "322"]
[BlackElo "1396"]
[BlackRD "71"]
[GameID "388336"]

1. d4 Nf6 2. c4 e6 3. Nf3 d5 4. Nc3 c6 5. e3 Nbd7 6. Qc2 Bd6 7. Bd3 h6 8. O-O O-O 9. cxd5 exd5 10. Re1 Re8
11. b3 Nb6 12. Bb2 a6 13. h3 Qe7 14. Ne5 Bxe5 15. dxe5 Nfd7 16. f4 Nc5 17. Ba3 g6 18. Bxg6 fxg6 19. Qxg6+ Kh8 20. Bxc5 Qxc5
21. Qxe8+
1-0

[Event "FS50/51"]
[Site "SchemingMind.com"]
[Date "2015.10.03"]
[Round "-"]
[White "CB"]
[Black "Queen "]
[Result "0-1"]
[WhiteCountry "ENG"]
[BlackCountry "IND"]
[WhiteElo "1548"]
[WhiteRD "87"]
[BlackElo "2331"]
[BlackRD "165"]
[GameID "388337"]

1. d4 Nf6 2. c4 e6 3. Nc3 d5 4. cxd5 exd5 5. Nf3 Bd6 6. e3 O-O 7. Bd3 Re8 8. O-O Na6 9. Re1 c6 10. b3 Nb4
11. a3 Nxd3 12. Qxd3 Ne4 13. Qc2 Qf6 14. b4 Bf5 15. Bb2 Ng5 16. Qe2 Bg4 17. Bc1 Nxf3+ 18. Kf1 Nxh2+ 19. Kg1 Bxe2 20. Rxe2 Qg6
21. g3 Bxg3 22. fxg3 Qxg3+ 23. Rg2 Nf3+ 24. Kf1 Qe1#
0-1

[Event "FS50/51"]
[Site "SchemingMind.com"]
[Date "2015.10.03"]
[Round "-"]
[White "Queen "]
[Black "CB"]
[Result "1-0"]
[WhiteCountry "IND"]
[BlackCountry "ENG"]
[WhiteElo "2331"]
[WhiteRD "165"]
[BlackElo "1548"]
[BlackRD "87"]
[GameID "388338"]

1. d4 d5 2. c4 Nf6 3. Nc3 c6 4. e3 e6 5. Nf3 Bb4 6. Bd3 Nbd7 7. O-O Bxc3 8. bxc3 O-O 9. cxd5 cxd5 10. c4 b6
11. cxd5 Nxd5 12. Ba3 Re8 13. Qb1 Bb7 14. Rc1 Nf4 15. exf4 Qf6 16. Bxh7+ Kh8 17. Be4 Qxf4 18. Bxb7 Rab8 19. Bc6 Red8 20. Be7 Re8
21. Bg5 Qf5 22. Bxd7 Qxb1 23. Raxb1 Rf8 24. Be7 Rg8 25. Ng5 Rb7 26. Rb3 g6 27. Bf6+
1-0

[Event "FS50/51"]
[Site "SchemingMind.com"]
[Date "2015.10.04"]
[Round "-"]
[White "Queen "]
[Black "Yorkie"]
[Result "1-0"]
[WhiteCountry "IND"]
[BlackCountry "ENG"]
[WhiteElo "2734"]
[WhiteRD "322"]
[BlackElo "1207"]
[BlackRD "68"]
[GameID "388339"]

1. d4 d5 2. c4 e6 3. Nf3 f6 4. e3 b6 5. Nc3 Bd6 6. cxd5 e5 7. dxe5 fxe5 8. Nxe5 Bxe5 9. Qh5+ g6 10. Qxe5+ Qe7
11. Qxh8 Qf7 12. e4 Nd7 13. Nb5 Bb7 14. Nxc7+ Kd8 15. Nxa8 Bxa8 16. Bg5+ Ke8 17. Rc1 Nc5 18. Bb5+ Kf8 19. Rxc5 bxc5 20. Bh6+ Ke7
21. Qe5+ Kd8 22. Qb8+ Ke7 23. Qc7+ Kf6 24. Qd6+
1-0

[Event "FS50/51"]
[Site "SchemingMind.com"]
[Date "2015.10.04"]
[Round "-"]
[White "Yorkie"]
[Black "Queen "]
[Result "0-1"]
[WhiteCountry "ENG"]
[BlackCountry "IND"]
[WhiteElo "1207"]
[WhiteRD "68"]
[BlackElo "2734"]
[BlackRD "322"]
[GameID "388340"]

1. e4 e5 2. Nf3 Nc6 3. Bd3 Bc5 4. O-O Nf6 5. Qe2 O-O 6. c3 d5 7. exd5 Nxd5 8. c4 Nf4 9. Bxh7+ Kxh7 10. Qe4+ f5
11. Qc2 e4 12. g3 Nh3+ 13. Kg2 exf3+ 14. Kxf3 Nd4+ 15. Kg2 Nxc2 16. Kxh3 f4+ 17. Kg2 Qd7 18. d3 Qh3+ 19. Kf3 Nd4+ 20. Ke4 Qf5#
0-1